000 00374 a2200169 4500
001 68910
020 _a8526007386
040 _cAnchieta - Itaigara
100 _aMachado, Ana Maria
240 1 0 _aMaré baixa, maré alta
_lpor
245 1 0 _aMaré baixa, maré alta
300 _a15
362 0 _a2001
440 1 _aGlobal
650 4 _aLiteratura infantil
942 _cBK
999 _c68910
_d68910